000 00608nam a2200229 a 4500
005 20210219153038.0
008 991125n 000 0 u
035 _aUPN01000074503
100 _aRowland, Gordon
222 0 _aEDUCATIONAL TECHNOLOGY
245 0 _aEducating the reflective designer
300 _a36-44
362 _a32, No. 12, 1992
505 _aMayo 1993
653 0 _aEDUCACION DEL MAESTRO EN CONSERVACION
653 0 _aENSEÑANZA PROGRAMADA
653 0 _aMETODOS DE ENSEÑANZA
700 _aFixl, Amy
700 _aYung, Kenneth
904 _aAC
_b012314
905 _aArticulo
999 _c66967
_d66967